| 000 | 00885pab a2200181 454500 | ||
|---|---|---|---|
| 008 | 180718b2002 xxu||||| |||| 00| 0 eng d | ||
| 100 | _aThomas, Susan | ||
| 245 | _aStock market response to union budget. | ||
| 260 | _c2002 | ||
| 300 | _ap.455-58 | ||
| 362 | _a2 Feb | ||
| 520 | _aThis paper explores the interplay between the Union Budget and the stock market in the following areas: the extent to which the stock market response to the Budget is consistent with the behaviour that we might expect in an efficient market; the role of the Budget in the Indian economy, using the stock market as an information processing tool; and the extent to which empirical research can guide hedging and trading around the Budget date. - Reproduced. | ||
| 650 | _aFinancial markets | ||
| 650 | _aBudget | ||
| 700 | _aShah, Ajay | ||
| 773 | _aEconomic and Political Weekly | ||
| 909 | _a51206 | ||
| 999 |
_c51206 _d51206 |
||